000 00783cam a2200241 a 4500
001 1560265
005 20180309035817.0
008 920625r19931970nyua b 000 0 eng
010 _a 92024384
020 _a0688123597 (acidfree paper) :
_cFPT $10.00
040 _aDLC
_cDLC
_dDLC
041 _aeng
043 _an-us---
080 _a305.4201
082 0 0 _a305.4201 FIR
_220
100 1 _a19
101 _aSHP
245 1 4 _aThe dialectic of sex :
_cShulamith Firestone.
504 _aIncludes bibliographical references.
906 _a0
_bvip
_corignew
_d1
_eocip
_f19
_gy-gencatlg
942 _2ddc
_cBK
999 _c44545
_d44545